| 000 | 00783nai a2200217Ia 4500 | ||
|---|---|---|---|
| 003 | IN-BaIIA | ||
| 008 | 211028c9999 xx s 000 0 eng d | ||
| 022 | _a0096-2015 (Print) | ||
| 022 | _a2374-9814 (Online) | ||
| 040 | _cIIA Library | ||
| 245 | 0 |
_aIRE Transactions on Nuclear Science _h[eJournal] |
|
| 260 |
_aNew York, USA _bThe Institute of Electrical and Electronics Engineers, Inc. (IEEE) |
||
| 310 | _a5/year | ||
| 362 | _a2(1); 1955 - 9(5); 1962 | ||
| 521 | _bSubscribed through National Knowledge Resource Consortium (NKRC) | ||
| 650 | _a Bioengineering | ||
| 650 | _a Components, Circuits, Devices and Systems | ||
| 650 | _aNuclear Engineering | ||
| 856 |
_uhttps://ieeexplore.ieee.org/servlet/opac?punumber=4315440 _yClick Here to Access eJournal |
||
| 942 | _cEJ | ||
| 999 |
_c34925 _d34925 |
||